000 00289nam a22001217a 4500
008 180924b xxu||||| |||| 00| 0 eng d
041 _aeng
080 _a610
100 _a4
101 _aNUR
245 _aThe LIppincott Manual Of Nursing Practice
_cLippimcott.j.b
942 _2udc
_cBK
999 _c48307
_d48307